000 00309 a2200157 4500
001 47153
020 _a9788566642421
040 _cAnchieta - Aquarius
100 _aSantini, Bertrand
240 1 0 _a=O yark
_lpor
245 1 0 _a=O yark
300 _a78
362 0 _a2015
650 4 _aRomance
942 _cBK
999 _c47153
_d47153